000 00627cam a22002295a 4500
001 L159152
008 160211s2015 xxk f 000 0 eng d
020 _a9781137466733
035 _a(Sirsi) u159152
041 0 _aeng
050 0 4 _a306.2
100 1 _aGarnett, David
245 0 0 _aA-Z of housing
260 _aLondon
_bPalgrave
_c2015
300 _axv, 232.
_c20cm
520 _aA-Z of of glossary terms used in housing. Describes each term in some depth with key follow up references.
590 _aKA
650 2 4 _aHOUSING
651 4 _aUnited Kingdom
_y
690 _aResidential property
_96266
942 _n0
999 _c115707
_d115707